| 000 | 00000nam 2200000zi 4500 |
| 001 | 9.941081 |
| 003 | CaOODSP |
| 005 | 20240725153325 |
| 006 | m o d f |
| 007 | cr mn||||||||| |
| 008 | 240725e198503 oncad ob f000 0 fre d |
| 040 | |aCaOODSP|bfre|erda|cCaOODSP |
| 043 | |an-cn--- |
| 086 | 1 |aC23-275/1985F-PDF |
| 245 | 02|aL'architecture en peĢriode difficile : |brapport sur la profession d'architecture au Canada / |cpréparé par Peter Barnard Associates. |
| 264 | 1|a[Ottawa] : |bGouvernement du Canada, Expansion industrielle régionale = Government of Canada, Regional Industrial Expansion, |cmars 1985. |
| 300 | |a1 ressource en ligne (1 volume (pagination multiple)) : |billustrations, graphiques |
| 336 | |atexte|btxt|2rdacontent/fre |
| 337 | |ainformatique|bc|2rdamedia/fre |
| 338 | |aressource en ligne|bcr|2rdacarrier/fre |
| 500 | |aÉdition numérisée de l'imprimé [par Innovation, sciences et développement économique Canada]. |
| 500 | |aPublié aussi en anglais sous le titre : Managing in difficult times : a report on the architectural profession in Canada. |
| 504 | |aComprend des références bibliographiques. |
| 650 | 6|aArchitectes|zCanada. |
| 710 | 1 |aCanada. |bMinistère de l'expansion industrielle régionale, |eorganisme de publication. |
| 710 | 2 |aPeter Barnard Associates, |eauteur, |eorganisme de publication. |
| 775 | 08|tManaging in difficult times : |w(CaOODSP)9.898989 |
| 856 | 40|qPDF|s4.31 Mo|uhttps://publications.gc.ca/collections/collection_2024/isde-ised/c23/C23-275-1985-fra.pdf |